[Event "Guernsey Open 2011"]
[Site "Guernsey, Channel Islands"]
[Date "2011.10.21"]
[Round "6"]
[White "Coenen, Albert"]
[Black "Heppell, Ian"]
[Result "0-1"]
[WhiteElo "1932"]
[BlackElo "2132"]
[PlyCount "66"]
[EventDate "2011.10.16"]
[SourceDate "2011.11.07"]

1. d4 d6 2. c4 f5 3. Nf3 Nf6 4. Nc3 g6 5. g3 Bg7 6. Bg2 O-O 7. O-O Qe8 8. d5 c6
9. Re1 Na6 10. Nd4 Bd7 11. e4 fxe4 12. Nxe4 Nxe4 13. Rxe4 cxd5 14. cxd5 Nc5 15.
Re1 Qf7 16. Be3 {(=)} a5 17. Rc1 Kh8 18. b3 Bf6 19. a3 Rfc8 20. b4 Ba4 21. Qd2
axb4 22. axb4 Nb3 23. Nxb3 Bxb3 24. Bh6 b5 25. Rxc8+ Rxc8 26. Bh3 Rc2 27. Qe3
Bxd5 28. Qb6 Bc4 29. Qd8+ Qg8 30. Qd7 Bd4 31. Be3 Bxe3 32. Rxe3 Rc1+ 33. Kg2
Bf1+ 0-1

[Event "Guernsey Open 2011"]
[Site "Guernsey, Channel Islands"]
[Date "2011.10.21"]
[Round "6"]
[White "Spanton, Timothy"]
[Black "Casiot, David J"]
[Result "1-0"]
[WhiteElo "1980"]
[BlackElo "2125"]
[PlyCount "95"]
[EventDate "2011.10.16"]
[SourceDate "2011.11.07"]

1. c4 e5 2. g3 Nf6 3. Bg2 Nc6 4. Nc3 Bc5 5. e3 O-O 6. Nge2 Re8 7. d3 d6 8. O-O
Bg4 9. h3 Bd7 10. Kh2 a6 11. d4 Ba7 12. d5 Ne7 13. Qd3 Rb8 14. a4 Nf5 15. a5
Qe7 16. Ne4 g6 17. N2c3 Nxe4 18. Nxe4 Ng7 19. b4 f5 20. Nc3 e4 21. Qd2 Rbd8 22.
b5 Bc5 23. Rb1 Ra8 24. Na4 axb5 25. Nxc5 dxc5 26. cxb5 Red8 27. Ba3 Be6 28.
Rfc1 b6 29. a6 Rxd5 30. Qc2 Rd3 31. Qxd3 exd3 32. Bxa8 Qd8 33. Bf3 Bd5 34.
Bxd5+ Qxd5 35. Bb2 Ne6 36. h4 g5 37. a7 Qf3 38. Rf1 gxh4 39. gxh4 Kf7 40. Ra1
Qa8 41. Rfc1 f4 42. Be5 f3 43. Rc3 Qd5 44. Bg3 d2 45. Rca3 d1=Q 46. Rxd1 Qxd1
47. a8=Q c4 48. Qe4 1-0

[Event "Guernsey Open 2011"]
[Site "Guernsey, Channel Islands"]
[Date "2011.10.21"]
[Round "6"]
[White "Goris, Ton"]
[Black "Westerkamp, Bert"]
[Result "1-0"]
[WhiteElo "1993"]
[BlackElo "2063"]
[PlyCount "119"]
[EventDate "2011.10.16"]
[SourceDate "2011.11.07"]

1. e4 e5 2. Nf3 Nc6 3. d4 exd4 4. Nxd4 Nf6 5. Nxc6 bxc6 6. e5 Qe7 7. Qe2 Nd5 8.
b3 g6 9. c4 Nb6 10. Bb2 Bg7 11. Nd2 O-O 12. f4 d5 13. O-O-O a5 14. Qe3 Bg4 15.
Re1 Rfd8 16. Bd4 Nd7 17. c5 Rdb8 18. h3 Be6 19. Kb2 a4 20. Bd3 Ra5 21. g4 Bh6
22. Rc1 axb3 23. Nxb3 Ra7 24. Ra1 Rba8 25. Rh2 Ra4 26. Kc1 Qh4 27. Rf2 Rb4 28.
Kd1 Rxb3 29. axb3 Rxa1+ 30. Bxa1 Qd8 31. g5 Bf8 32. b4 Qa8 33. Qd4 Bg7 34. h4
Bg4+ 35. Ke1 Nf8 36. Qb2 Qa4 37. Bc2 Qb5 38. Qc3 Ne6 39. Bd3 Qa4 40. Bc2 Qb5
41. Qd2 Qa6 42. Bc3 Qc4 43. Bd3 Qb3 44. Qc2 Qa3 45. Qb2 Qa4 46. Be2 Bf5 47. Bd1
Qa6 48. Be2 Qa4 49. Kf1 Be4 50. Kg1 Bf5 51. Kh2 Bf8 52. Rf1 Qa8 53. Kg3 Qc8 54.
Ra1 Be4 55. Bg4 Qd7 56. Ra8 Kg7 57. Rb8 Be7 58. Qa1 Bf5 59. Qa8 Bf8 60. Rxf8
1-0

[Event "Guernsey Open 2011"]
[Site "Guernsey, Channel Islands"]
[Date "2011.10.21"]
[Round "6"]
[White "Fassaert, Desire"]
[Black "Prins, Jan"]
[Result "1/2-1/2"]
[WhiteElo "1930"]
[BlackElo "2051"]
[PlyCount "96"]
[EventDate "2011.10.16"]
[SourceDate "2011.11.07"]

1. c4 Nf6 2. Nf3 c6 3. d4 d5 4. Nc3 g6 5. cxd5 cxd5 6. Bf4 Nc6 7. e3 a6 8. h3
Bg7 9. Bd3 O-O 10. O-O Nb4 11. Bb1 Be6 12. a3 Nc6 13. Bd3 Na5 14. Na4 b6 15.
Rc1 Ra7 16. b4 Nc4 17. Ne5 Nxe5 18. Bxe5 Ne8 19. Bxg7 Kxg7 20. Rc3 Nd6 21. Nb2
b5 22. Qe2 Nc4 23. Rfc1 f5 24. f4 a5 25. Bb1 axb4 26. axb4 Bf7 27. Nd3 e6 28.
Nc5 Qh4 29. Qf2 Qxf2+ 30. Kxf2 Rfa8 31. Bd3 Kf6 32. h4 Ra2+ 33. R3c2 Be8 34.
Rxa2 Rxa2+ 35. Rc2 Ra1 36. Re2 h6 37. Re1 Rxe1 38. Kxe1 Nxe3 39. g3 Nc4 40. Ke2
Nd6 41. Ke3 Bf7 42. Nd7+ Ke7 43. Nc5 Be8 44. Be2 Nf7 45. Na6 Kd6 46. Nc5 g5 47.
hxg5 hxg5 48. Bh5 g4 1/2-1/2

[Event "Guernsey Open 2011"]
[Site "Guernsey, Channel Islands"]
[Date "2011.10.21"]
[Round "6"]
[White "Goris Schouwstra, Adri"]
[Black "Burton, Ronnie"]
[Result "1/2-1/2"]
[WhiteElo "1862"]
[BlackElo "2024"]
[PlyCount "42"]
[EventDate "2011.10.16"]
[SourceDate "2011.11.07"]

1. d4 d5 2. Nf3 c6 3. e3 Bf5 4. Bd3 Bxd3 5. Qxd3 e6 6. O-O Nd7 7. e4 dxe4 8.
Qxe4 Ngf6 9. Qe2 Be7 10. Bg5 h6 11. Bd2 O-O 12. c4 c5 13. Bc3 Re8 14. Nbd2 Rc8
15. b3 cxd4 16. Bxd4 Bc5 17. Rad1 Qc7 18. Ne4 Be7 19. h3 Nxe4 20. Qxe4 Nf6 21.
Qe3 Bc5 1/2-1/2

[Event "Guernsey Open 2011"]
[Site "Guernsey, Channel Islands"]
[Date "2011.10.21"]
[Round "6"]
[White "Thurlow, Kevin J"]
[Black "Hickman, John"]
[Result "1/2-1/2"]
[WhiteElo "2033"]
[BlackElo "1975"]
[PlyCount "91"]
[EventDate "2011.10.16"]
[SourceDate "2011.11.07"]

1. c4 d6 2. g3 e5 3. Bg2 Nf6 4. Nc3 g6 5. e3 Bg7 6. Nge2 O-O 7. d4 Qe7 8. O-O
e4 9. Qc2 Bf5 10. b3 Re8 11. Ba3 c6 12. Rad1 Nbd7 13. h3 h5 14. Kh2 Nf8 15. d5
c5 16. b4 b6 17. bxc5 bxc5 18. Rb1 N8h7 19. Rb3 Ng5 20. Rfb1 Nf3+ 21. Kh1 Qd7
22. Rb7 Qc8 23. Ng1 Nxg1 24. Kxg1 Bxh3 25. Nxe4 Nxe4 26. Bxe4 Qg4 27. Bg2 h4
28. Bxh3 Qxh3 29. gxh4 Be5 30. Bc1 Bh2+ 31. Kh1 Bg3+ 32. Kg1 Qh2+ 33. Kf1 Qh1+
34. Ke2 Bxf2 35. Bd2 Qg2 36. Kd3 Bxe3 37. Rd1 Qe4+ 38. Kc3 Qd4+ 39. Kb3 Rab8
40. Rxb8 Rxb8+ 41. Ka3 Bxd2 42. Rxd2 Qxh4 43. Rd3 Rb4 44. Re3 Qd8 45. Re8+ Qxe8
46. Qxg6+ 1/2-1/2

[Event "Guernsey Open 2011"]
[Site "Guernsey, Channel Islands"]
[Date "2011.10.21"]
[Round "6"]
[White "De Graaf, Arnoud"]
[Black "Dijksterhuis, Rolf"]
[Result "0-1"]
[WhiteElo "1860"]
[BlackElo "1998"]
[PlyCount "64"]
[EventDate "2011.10.16"]
[SourceDate "2011.11.07"]

1. Nf3 d5 2. c4 c6 3. d4 Nf6 4. g3 Bf5 5. Qb3 Qb6 6. Bg2 e6 7. O-O Nbd7 8. Nh4
Be4 9. f3 Bxb1 10. Rxb1 Qxd4+ 11. Be3 dxc4 12. Qc3 Qxc3 13. bxc3 Bc5 14. Bxc5
Nxc5 15. f4 Nd5 16. Rfc1 O-O-O 17. Nf3 Kc7 18. Ne5 Rhf8 19. Nxc4 b5 20. Na5 Rb8
21. Kf2 Rb6 22. c4 bxc4 23. Rxb6 axb6 24. Nxc4 Ra8 25. a3 f6 26. Rc2 b5 27.
Bxd5 exd5 28. Ne3 Ne4+ 29. Ke1 Kb6 30. Nf5 Rxa3 31. Kf1 Ra7 32. Nd4 c5 0-1

[Event "Guernsey Open 2011"]
[Site "Guernsey, Channel Islands"]
[Date "2011.10.21"]
[Round "6"]
[White "Downey, Keith"]
[Black "De Kruif, Kees"]
[Result "1/2-1/2"]
[WhiteElo "1987"]
[BlackElo "1953"]
[PlyCount "79"]
[EventDate "2011.10.16"]
[SourceDate "2011.11.07"]

1. Nf3 Nf6 2. c4 c5 3. g3 g6 4. Bg2 Bg7 5. O-O O-O 6. Nc3 Nc6 7. d4 cxd4 8.
Nxd4 Nxd4 9. Qxd4 d6 10. Qd3 Rb8 11. Bd2 Bd7 12. Rac1 Bc6 13. e4 Ng4 14. Qe2
Qc8 15. b3 Bd7 16. h3 Ne5 17. Kh2 Nc6 18. Be3 b6 19. Rfd1 Qa6 20. Nd5 Rbd8 21.
b4 Qa4 22. b5 Nb4 23. Nxe7+ Kh8 24. Rd2 Rfe8 25. Nd5 Nxd5 26. Rxd5 Be6 27. Rd2
Rc8 28. Rdc2 Rc7 29. Qd3 Bf8 30. Bf1 Rec8 31. f4 f5 32. Bd4+ Kg8 33. Ba1 fxe4
34. Qxe4 Re8 35. Qf3 d5 36. Be5 Rc5 37. Bd4 Rc7 38. Be5 Rc5 39. Bb2 Rc7 40. Be5
1/2-1/2

[Event "Guernsey Open 2011"]
[Site "Guernsey, Channel Islands"]
[Date "2011.10.21"]
[Round "6"]
[White "Bakker, Joop PA"]
[Black "Gravett, Alan D"]
[Result "0-1"]
[WhiteElo "1986"]
[BlackElo "1925"]
[PlyCount "66"]
[EventDate "2011.10.16"]
[SourceDate "2011.11.07"]

1. b3 b6 2. Bb2 Bb7 3. e3 Nf6 4. f4 d5 5. Nf3 e6 6. Bd3 Nbd7 7. O-O Be7 8. Nc3
c5 9. Ne2 Qc7 10. Ng3 c4 11. Be2 Bc5 12. Ne5 c3 13. Bxc3 Bxe3+ 14. Kh1 Bxf4 15.
Nxd7 Nxd7 16. Nh5 Be5 17. Nxg7+ Bxg7 18. Bxg7 Rg8 19. Bd4 e5 20. Bh5 O-O-O 21.
Bf2 d4 22. Bg3 Qc6 23. Rf2 f5 24. Re2 Qh6 25. Rf2 Rg5 26. Bf3 Rxg3 27. Bxb7+
Kxb7 28. Kg1 Rg5 29. Qf3+ e4 30. Qf4 Rdg8 31. Raf1 Qg7 32. g3 Ne5 33. c3 Nd3
0-1

[Event "Guernsey Open 2011"]
[Site "Guernsey, Channel Islands"]
[Date "2011.10.21"]
[Round "6"]
[White "Morcom, Hugh"]
[Black "Van der Sanden, Martien"]
[Result "1/2-1/2"]
[WhiteElo "1955"]
[BlackElo "1853"]
[PlyCount "27"]
[EventDate "2011.10.16"]
[SourceDate "2011.11.07"]

1. e4 e5 2. d4 exd4 3. Qxd4 Nc6 4. Qe3 g6 5. Bd2 Bg7 6. Nc3 Nge7 7. O-O-O O-O
8. h4 d5 9. exd5 Nxd5 10. Qc5 Nxc3 11. Bxc3 Qe7 12. Qxe7 Nxe7 13. Bxg7 Kxg7 14.
Bc4 1/2-1/2

[Event "Guernsey Open 2011"]
[Site "Guernsey, Channel Islands"]
[Date "2011.10.21"]
[Round "6"]
[White "Dennis, Nigel"]
[Black "Vonhoff, Nils"]
[Result "0-1"]
[WhiteElo "1932"]
[BlackElo "1751"]
[PlyCount "56"]
[EventDate "2011.10.16"]
[SourceDate "2011.11.07"]

1. e4 c5 2. Nf3 Nc6 3. d4 cxd4 4. Nxd4 Nf6 5. Nc3 e6 6. Be2 Bb4 7. Nxc6 bxc6 8.
Bg5 h6 9. Bd2 O-O 10. e5 Nd5 11. Nxd5 Bxd2+ 12. Qxd2 cxd5 13. O-O d6 14. exd6
Qxd6 15. Rfd1 Bb7 16. Bf3 Qb6 17. b3 Rac8 18. Rac1 Ba6 19. Be2 Bxe2 20. Qxe2
Rc3 21. Rd3 Qb4 22. Rxc3 Qxc3 23. Qd3 Qb2 24. Qe3 d4 25. Qd2 d3 26. Qd1 Rc8 27.
Rb1 dxc2 28. Qc1 cxb1=Q 0-1

[Event "Guernsey Open 2011"]
[Site "Guernsey, Channel Islands"]
[Date "2011.10.21"]
[Round "6"]
[White "Carlucci, Paul"]
[Black "Glover, John"]
[Result "1-0"]
[WhiteElo "1898"]
[BlackElo "1857"]
[PlyCount "79"]
[EventDate "2011.10.16"]
[SourceDate "2011.11.07"]

1. d4 Nf6 2. Nf3 c5 3. e3 e6 4. Bd3 d5 5. O-O Nbd7 6. b3 Qc7 7. Bb2 Bd6 8. Nbd2
cxd4 9. exd4 O-O 10. c4 b6 11. cxd5 Nxd5 12. Rc1 Qb8 13. Nc4 Bb7 14. Nce5 Nxe5
15. dxe5 Bc5 16. Qc2 g6 17. a3 Rc8 18. Qb1 Bf8 19. h4 Rxc1 20. Rxc1 Qd8 21. Be4
Rb8 22. h5 Nf4 23. hxg6 Ne2+ 24. Kh2 Bxe4 25. gxf7+ Kxf7 26. Qxe4 Nxc1 27.
Qxh7+ Ke8 28. Bxc1 Qe7 29. Qe4 Rb7 30. Ng5 Kd8 31. Nxe6+ Qxe6 32. Qxb7 Qxe5+
33. g3 Bc5 34. Qf7 a5 35. Qf3 Kd7 36. Kg2 Ke6 37. a4 Qd5 38. g4 Qxf3+ 39. Kxf3
Kd5 40. Be3 1-0

[Event "Guernsey Open 2011"]
[Site "Guernsey, Channel Islands"]
[Date "2011.10.21"]
[Round "6"]
[White "Hauptmann, Thomas"]
[Black "Nicholson, John"]
[Result "1-0"]
[WhiteElo "2018"]
[BlackElo "1836"]
[PlyCount "61"]
[EventDate "2011.10.16"]
[SourceDate "2011.11.07"]

1. e4 c5 2. Nf3 e6 3. b3 Nc6 4. Bb2 Nf6 5. Nc3 d5 6. exd5 exd5 7. d4 cxd4 8.
Nxd4 Bc5 9. Nxc6 bxc6 10. Bd3 Ng4 11. Qe2+ Kf8 12. Nd1 Qh4 13. Kf1 Bd7 14. Qd2
f6 15. c4 Re8 16. b4 Bd6 17. Be2 Nxh2+ 18. Kg1 Bf4 19. Ne3 dxc4 20. Qxd7 Rxe3
21. Bxc4 Re7 22. Qc8+ Re8 23. Qxc6 h5 24. Qc5+ Re7 25. Re1 Be5 26. Bxe5 Nf3+
27. gxf3 Qg5+ 28. Kf1 fxe5 29. Rd1 g6 30. Rg1 Qf6 31. Rxg6 1-0

[Event "Guernsey Open 2011"]
[Site "Guernsey, Channel Islands"]
[Date "2011.10.21"]
[Round "6"]
[White "Bridel, Jon"]
[Black "Ippel, Cornelius J"]
[Result "0-1"]
[WhiteElo "1775"]
[BlackElo "1969"]
[PlyCount "98"]
[EventDate "2011.10.16"]
[SourceDate "2011.11.07"]

1. b3 d5 2. Bb2 Nc6 3. e3 e5 4. Bb5 Bd6 5. Nf3 Qe7 6. d3 Bd7 7. Nbd2 Nf6 8.
Bxc6 Bxc6 9. O-O Bd7 10. h3 Bf5 11. Nh4 Bg6 12. Nxg6 fxg6 13. e4 O-O 14. exd5
Nxd5 15. Nc4 Qf6 16. g3 b5 17. Nxd6 cxd6 18. c4 Nc7 19. Qg4 b4 20. f4 h5 21.
Qg5 Qxg5 22. fxg5 Ne6 23. h4 Nc5 24. Rad1 Rxf1+ 25. Kxf1 a5 26. Kg2 Rf8 27. Rd2
a4 28. d4 exd4 29. bxa4 Ne4 30. Re2 Nc3 31. Bxc3 bxc3 32. Rc2 Rf5 33. a3 Rc5
34. Kf3 Re5 35. Kf2 Kf7 36. a5 Rxa5 37. Ke2 d5 38. cxd5 Rxd5 39. Kd3 Ke6 40. a4
Kd6 41. a5 Kc5 42. a6 Re5 43. Re2 Rxe2 44. Kxe2 Kb6 45. a7 Kxa7 46. Kd3 Kb6 47.
Kc2 Kc5 48. Kd3 Kd5 49. Kc2 Kc4 0-1

[Event "Guernsey Open 2011"]
[Site "Guernsey, Channel Islands"]
[Date "2011.10.21"]
[Round "6"]
[White "Campbell, Eoin"]
[Black "Kirk, Matthew"]
[Result "1-0"]
[WhiteElo "1885"]
[BlackElo "1727"]
[PlyCount "67"]
[EventDate "2011.10.16"]
[SourceDate "2011.11.07"]

1. Nf3 Nf6 2. c4 c6 3. g3 d5 4. Bg2 Bf5 5. O-O e6 6. d3 Nbd7 7. Be3 Bd6 8. Qb3
b6 9. Nd4 Qc7 10. cxd5 Nxd5 11. Bxd5 cxd5 12. Nxf5 exf5 13. Nc3 O-O 14. Nb5 Qb8
15. Qxd5 f4 16. Qxd6 Qxd6 17. Nxd6 fxe3 18. fxe3 Ne5 19. Rac1 Rad8 20. Nf5 Rd7
21. d4 Ng4 22. h3 Nf6 23. Rc6 Ne4 24. Rf4 Ng5 25. Rg4 f6 26. Kg2 g6 27. Nd6 h5
28. Rxg5 fxg5 29. e4 Rf6 30. e5 Rfxd6 31. Rxd6 Rxd6 32. exd6 Kf7 33. e4 Ke6 34.
e5 1-0

[Event "Guernsey Open 2011"]
[Site "Guernsey, Channel Islands"]
[Date "2011.10.21"]
[Round "6"]
[White "Reutimann, Hans Peter"]
[Black "Knight, Tim R"]
[Result "0-1"]
[WhiteElo "1791"]
[BlackElo "1744"]
[PlyCount "70"]
[EventDate "2011.10.16"]
[SourceDate "2011.11.07"]

1. d4 d6 2. Nf3 g6 3. Bf4 Bg7 4. e3 Nf6 5. Bd3 O-O 6. Nbd2 Nbd7 7. O-O Nh5 8.
Bg5 Qe8 9. c3 e5 10. Qc2 Kh8 11. e4 Nb6 12. h3 Bd7 13. Be3 Qc8 14. Kh2 c6 15.
Ng1 Qc7 16. Kh1 f5 17. dxe5 dxe5 18. Be2 Nf6 19. Bxb6 Qxb6 20. Nc4 Qc7 21. exf5
gxf5 22. Rad1 Be6 23. Nf3 e4 24. Nd4 Bd7 25. f4 Nd5 26. Qc1 b5 27. Na3 a6 28.
c4 Qb6 29. cxd5 Bxd4 30. Nc2 c5 31. b4 Bg7 32. bxc5 Qxc5 33. Ne3 Qxc1 34. Rxc1
Rfc8 35. Nc2 Bb2 0-1

[Event "Guernsey Open 2011"]
[Site "Guernsey, Channel Islands"]
[Date "2011.10.21"]
[Round "6"]
[White "Cummins, John"]
[Black "Van Hoek, Wim"]
[Result "1/2-1/2"]
[WhiteElo "1862"]
[BlackElo "1936"]
[PlyCount "51"]
[EventDate "2011.10.16"]
[SourceDate "2011.11.07"]

1. e4 Nc6 2. Nf3 e5 3. d4 exd4 4. Nxd4 Bb4+ 5. c3 Be7 6. Nf5 Bf6 7. Bd3 Nge7 8.
Ng3 g6 9. Be3 d5 10. O-O Bg7 11. Qc1 O-O 12. Rd1 Qe8 13. Bh6 Be6 14. Bxg7 Kxg7
15. Nd2 Rd8 16. exd5 Nxd5 17. Nde4 f5 18. Ng5 Bg8 19. Re1 Qd7 20. Bb5 Nf6 21.
Nf3 a6 22. Ba4 Rfe8 23. Qg5 h6 24. Qc1 Rxe1+ 25. Qxe1 Re8 26. Qc1 1/2-1/2

[Event "Guernsey Open 2011"]
[Site "Guernsey, Channel Islands"]
[Date "2011.10.22"]
[Round "7"]
[White "Hebden, Mark"]
[Black "Pert, Nicholas"]
[Result "1/2-1/2"]
[WhiteElo "2506"]
[BlackElo "2557"]
[PlyCount "121"]
[EventDate "2011.10.16"]
[SourceDate "2011.11.07"]

1. d4 d5 2. Nf3 Nf6 3. c4 c6 4. e3 Bg4 5. h3 Bxf3 6. Qxf3 e6 7. Nc3 Nbd7 8. Bd2
Bb4 9. Bd3 O-O 10. a3 Ba5 11. cxd5 exd5 12. O-O Re8 13. b4 Bc7 14. b5 Nf8 15.
bxc6 bxc6 16. Rfd1 Ne6 17. h4 Qe7 18. g3 Red8 19. Na4 Bd6 20. Rdc1 c5 21. dxc5
Nxc5 22. Nxc5 Bxc5 23. Bc3 Ne4 24. Bb2 Rab8 25. Rc2 Bd6 26. Bd4 Nc5 27. Bxc5
Bxc5 28. a4 a5 29. Rac1 Bb6 30. h5 g6 31. Rc6 Rd6 32. Qf4 Rbd8 33. h6 Rxc6 34.
Rxc6 Bc5 35. Rc7 Rd7 36. Rc8+ Rd8 37. Qb8 Rxc8 38. Qxc8+ Qf8 39. Qc7 Bb4 40.
Qf4 Qd8 41. Bc2 Bd6 42. Qd4 Bf8 43. Bb3 Bxh6 44. Bxd5 Qc7 45. Bc4 Bg7 46. Qd5
Bc3 47. f4 Kg7 48. Kg2 h5 49. Kf3 Qa7 50. Ke2 Qe7 51. e4 g5 52. e5 h4 53. Qd6
Qxd6 54. exd6 hxg3 55. fxg5 Bb4 56. d7 Be7 57. Kf3 Bxg5 58. Kxg3 f5 59. Kf3 Kf8
60. Be6 Ke7 61. Bxf5 1/2-1/2

[Event "Guernsey Open 2011"]
[Site "Guernsey, Channel Islands"]
[Date "2011.10.22"]
[Round "7"]
[White "Sulskis, Sarunas"]
[Black "Taylor, Mark V"]
[Result "1-0"]
[WhiteElo "2577"]
[BlackElo "2131"]
[PlyCount "57"]
[EventDate "2011.10.16"]
[SourceDate "2011.11.07"]

1. d4 e6 2. c4 f5 3. g3 Nf6 4. Bg2 Be7 5. Nf3 O-O 6. O-O d6 7. Nc3 a5 8. Bg5
Qe8 9. Qc2 Nc6 10. Rad1 Qh5 11. a3 e5 12. dxe5 dxe5 13. Nd5 e4 14. Nxe7+ Nxe7
15. Bxf6 Rxf6 16. Rd8+ Rf8 17. Rfd1 Nc6 18. Rxf8+ Kxf8 19. Nd4 Nxd4 20. Rxd4
Be6 21. Qd2 Qe8 22. Qf4 Rd8 23. Rxd8 Qxd8 24. Bxe4 Qd4 25. Bxb7 Qd1+ 26. Kg2
Qxe2 27. Qxc7 Bxc4 28. Qc5+ Kf7 29. Qxf5+ 1-0

[Event "Guernsey Open 2011"]
[Site "Guernsey, Channel Islands"]
[Date "2011.10.22"]
[Round "7"]
[White "Williams, Peter A"]
[Black "Collier, David"]
[Result "0-1"]
[WhiteElo "2196"]
[BlackElo "2100"]
[PlyCount "106"]
[EventDate "2011.10.16"]
[SourceDate "2011.11.07"]

1. c4 Nf6 2. Nc3 e6 3. e4 d5 4. e5 Ne4 5. Nf3 Nc6 6. d4 Bb4 7. Qc2 f5 8. a3 Be7
9. Bd3 Nxc3 10. bxc3 O-O 11. h4 dxc4 12. Bxc4 Na5 13. Ba2 c5 14. Qe2 c4 15. Rb1
Qd5 16. a4 Bd7 17. Bg5 Ba3 18. Ra1 Rfc8 19. Bb1 Bf8 20. g4 Bc6 21. Rh3 fxg4 22.
Rg3 Nb3 23. Ra2 gxf3 24. Qc2 g6 25. h5 Be8 26. Bf6 Rc7 27. hxg6 Bxg6 28. Rxg6+
hxg6 29. Qxg6+ Rg7 30. Bxg7 Bxg7 31. Be4 Qd7 32. Qh7+ Kf8 33. Bxf3 Nxd4 34.
cxd4 Qxd4 35. Rd2 Qxe5+ 36. Be2 Qf5 37. Qh2 Bc3 38. Qd6+ Kf7 39. Bxc4 Bxd2+ 40.
Kxd2 Qxf2+ 41. Kd3 Qf1+ 42. Kc3 Qa1+ 43. Kb3 Qb1+ 44. Kc3 Qe4 45. Qc7+ Kf6 46.
Kb3 Rh8 47. Kb4 Rh4 48. Qd8+ Kf5 49. Qf8+ Kg4 50. Qg7+ Kf3 51. Qc3+ Qe3 52. Qg7
a5+ 53. Kxa5 Qc5+ 0-1

[Event "Guernsey Open 2011"]
[Site "Guernsey, Channel Islands"]
[Date "2011.10.22"]
[Round "7"]
[White "Hillarp Persson, Tiger"]
[Black "Brookes, Christopher"]
[Result "1-0"]
[WhiteElo "2535"]
[BlackElo "2122"]
[PlyCount "45"]
[EventDate "2011.10.16"]
[SourceDate "2011.11.07"]

1. b3 Nf6 2. Bb2 d5 3. e3 g6 4. c4 c6 5. Nf3 Bg7 6. Be2 O-O 7. O-O Nbd7 8. Qc2
Re8 9. d4 Ng4 10. h3 Nh6 11. Nc3 dxc4 12. bxc4 e5 13. Rfe1 Nf5 14. Rad1 Qe7 15.
Bd3 Nh4 16. Nxh4 Qxh4 17. Ne4 Qe7 18. c5 b5 19. Nd6 Rd8 20. Be4 Nb8 21. dxe5
Bxe5 22. Bxe5 Qxe5 23. Nxf7 1-0

[Event "Guernsey Open 2011"]
[Site "Guernsey, Channel Islands"]
[Date "2011.10.22"]
[Round "7"]
[White "Pleasants, Allan J"]
[Black "Mack, Wolfgang"]
[Result "0-1"]
[WhiteElo "2079"]
[BlackElo "2279"]
[PlyCount "96"]
[EventDate "2011.10.16"]
[SourceDate "2011.11.07"]

1. e4 d5 2. exd5 Nf6 3. d4 Nxd5 4. c4 Nb6 5. Nc3 g6 6. Be3 Bg7 7. Nf3 O-O 8.
Be2 Nc6 9. Rc1 Bg4 10. b3 Bxf3 11. Bxf3 Nxd4 12. Bxb7 Rb8 13. Bxd4 Bxd4 14. Bf3
c5 15. Nb5 e5 16. O-O Qd7 17. Nxd4 cxd4 18. b4 f5 19. c5 Nc8 20. Qb3+ Kg7 21.
Bd5 Ne7 22. Bc4 Nc6 23. Be6 Qb7 24. Rb1 Qxb4 25. Qd5 Qxb1 26. Qxc6 d3 27. Bb3
Qb2 28. Qd7+ Kh6 29. Qxd3 Rbd8 30. Qe3+ Kg7 31. Qg5 Rfe8 32. Ba4 h6 33. Qe3 Re7
34. c6 Qd4 35. Qa3 Kf6 36. h3 e4 37. Rd1 Qxd1+ 38. Bxd1 Rxd1+ 39. Kh2 Rd8 40.
Qc3+ Kf7 41. g4 f4 42. h4 e3 43. Qc4+ Kg7 44. Qc5 Kf8 45. c7 Rc8 46. Qd6 e2 47.
Qd8+ Kf7 48. h5 e1=Q 0-1

[Event "Guernsey Open 2011"]
[Site "Guernsey, Channel Islands"]
[Date "2011.10.22"]
[Round "7"]
[White "Purdon, Colin"]
[Black "Havenaar, Jan"]
[Result "1/2-1/2"]
[WhiteElo "2075"]
[BlackElo "2156"]
[PlyCount "121"]
[EventDate "2011.10.16"]
[SourceDate "2011.11.07"]

1. d4 Nf6 2. c4 Nc6 3. Nf3 e6 4. g3 d5 5. Bg2 Rb8 6. b3 Bb4+ 7. Bd2 Be7 8. Bf4
Bb4+ 9. Bd2 Be7 10. cxd5 exd5 11. O-O Ne4 12. Bf4 g5 13. Be3 Bf6 14. Nbd2 Nc3
15. Qe1 Nb5 16. Rc1 g4 17. Ne5 Nbxd4 18. Nxc6 Nxc6 19. Bh6 Be6 20. e4 d4 21.
Nc4 Ne5 22. Nxe5 Bxe5 23. Qa5 Qd6 24. Qxa7 Kd7 25. Qc5 {(=)} Qxc5 26. Rxc5 f6
27. Rd1 b6 28. Rc2 Ra8 29. Bf1 c5 30. Be2 Kd6 31. h3 f5 32. Bd3 fxe4 33. Bxe4
Ra7 34. hxg4 Bxg4 35. f3 Be6 36. g4 Rf7 37. Kg2 Bf4 38. Bxf4+ Rxf4 39. Re2 Bd5
40. Bxd5 Kxd5 41. Re7 Rhf8 42. Rd7+ Kc6 43. Rxh7 Rxf3 44. Rh6+ Kd5 45. Rxb6
Rf2+ 46. Kg3 R8f3+ 47. Kh4 Rh2+ 48. Kg5 Rxa2 49. b4 c4 50. Rb8 d3 51. Rd8+ Kc6
52. Rc8+ Kd5 53. Rd8+ Ke5 54. Re1+ Re2 55. Re8+ Kd4 56. R8xe2 dxe2 57. Rxe2 Rb3
58. Kf6 c3 59. g5 Rb2 60. Re8 Rxb4 61. Rc8 1/2-1/2

[Event "Guernsey Open 2011"]
[Site "Guernsey, Channel Islands"]
[Date "2011.10.22"]
[Round "7"]
[White "Maruejols, Claude"]
[Black "Goater, Kevin"]
[Result "0-1"]
[WhiteElo "2034"]
[BlackElo "2138"]
[PlyCount "70"]
[EventDate "2011.10.16"]
[SourceDate "2011.11.07"]

1. d4 g6 2. c4 Bg7 3. e4 d6 4. Nc3 a6 5. Be2 c6 6. Nf3 b5 7. a3 Nf6 8. Qc2 O-O
9. h3 Bb7 10. b3 c5 11. Bb2 cxd4 12. Nxd4 Qb6 13. Rd1 bxc4 14. Bxc4 Nbd7 15.
O-O Nc5 16. Nd5 Qd8 17. Rfe1 Ncxe4 18. Nxf6+ Nxf6 19. b4 d5 20. Bd3 e6 21. Qe2
Nh5 22. g3 Qb6 23. Qe3 e5 24. Nb3 d4 25. Qe2 f5 26. Nc5 Qc6 27. Nxb7 Qxb7 28.
Kh2 Kh8 29. Bc4 Qb6 30. f3 Qd6 31. Qf2 Rac8 32. Bb3 h6 33. Rd2 Bf6 34. Rde2 Kh7
35. Bc2 d3 0-1

[Event "Guernsey Open 2011"]
[Site "Guernsey, Channel Islands"]
[Date "2011.10.22"]
[Round "7"]
[White "Canonne, Antoine"]
[Black "Minnican, Alan William"]
[Result "0-1"]
[WhiteElo "2007"]
[BlackElo "2106"]
[PlyCount "78"]
[EventDate "2011.10.16"]
[SourceDate "2011.11.07"]

1. e4 e5 2. Nc3 Nf6 3. f4 d5 4. fxe5 Nxe4 5. d3 Nxc3 6. bxc3 d4 7. Nf3 Nc6 8.
Be2 dxc3 9. d4 Bg4 10. Be3 Be7 11. O-O O-O 12. Qd3 Nb4 13. Qxc3 Nd5 14. Qd3 Bf5
15. Qxf5 Nxe3 16. Qe4 Nxf1 17. Rxf1 c6 18. Bd3 g6 19. h4 Qd5 20. Qg4 f5 21. Qg3
Qe6 22. Nd2 Kg7 23. Bc4 Qd7 24. Nf3 b5 25. Bb3 a5 26. c3 a4 27. Bc2 Qe6 28. Bb1
Rab8 29. h5 b4 30. hxg6 hxg6 31. Ne1 f4 32. Rxf4 Rxf4 33. Qxf4 bxc3 34. Qe4 Qf5
35. Qxf5 gxf5 36. Bxf5 Rb2 37. Nc2 Rxa2 38. Kf1 a3 39. Ne3 Rd2 0-1

[Event "Guernsey Open 2011"]
[Site "Guernsey, Channel Islands"]
[Date "2011.10.22"]
[Round "7"]
[White "Wismayer, Clive R"]
[Black "Cornelisse, Johnny JA"]
[Result "0-1"]
[WhiteElo "2114"]
[BlackElo "2217"]
[PlyCount "58"]
[EventDate "2011.10.16"]
[SourceDate "2011.11.07"]

1. e4 e5 2. Nf3 Nc6 3. Nc3 Bc5 4. Nxe5 Bxf2+ 5. Kxf2 Nxe5 6. d4 Nc6 7. Be3 d6
8. Be2 Nge7 9. Rf1 f5 10. Kg1 O-O 11. Qd2 fxe4 12. Rxf8+ Qxf8 13. Bc4+ Kh8 14.
Rf1 Qe8 15. Nb5 Qd8 16. Nxc7 Rb8 17. Bg5 Bg4 18. Nd5 Qg8 19. Ne3 d5 20. Nxg4
dxc4 21. Ne5 Nxe5 22. Bxe7 Qd5 23. Bg5 Ng6 24. c3 Rf8 25. Rxf8+ Nxf8 26. Qf4
Kg8 27. Kf2 h6 28. Be7 Ng6 29. Qc7 Qf7+ 0-1